Normal view MARC view

Entry Nombre personal

Number of records used in: 1

001 - NÚMERO DE CONTROL

  • campo de control: 296

003 - IDENTIFICADOR DE NÚMERO DE CONTROL

  • campo de control: DLC

005 - FECHA Y HORA DE LA ÚLTIMA TRANSACCIÓN

  • campo de control: 20260128111844.0

008 - ELEMENTOS DE DATO DE LONGITUD-FIJA

  • campo de control de longitud fija: 880722n| azannaabn |a aaa

010 ## - NÚMERO DE CONTROL DE LA BIBLIOTECA DEL CONGRESO

  • Número de control de LC: n 88651088

035 ## - NÚMERO DE CONTROL DEL SISTEMA

  • Número de control de sistema: (OCoLC)oca02325729

040 ## - FUENTE DE CATALOGACIÓN

  • Centro catalogador/agencia de origen: DLC
  • Lengua de catalogación: eng
  • Normas de descripción: rda
  • Centro/agencia transcriptor: DLC
  • Centro/agencia modificador: TxU
  • Centro/agencia modificador: LNT
  • Centro/agencia modificador: UPB

046 ## - FECHAS CON CODIFICACIÓN ESPECIAL

  • Fecha de nacimiento: 19461128

053 #0 - NÚMERO DE CLASIFICACIÓN LC

  • Número de clasificación–único número o número inicial del rango: PQ8180.23.O69

100 1# - ENCABEZAMIENTO-NOMBRE DE PERSONA

  • Nombre de persona: Moreno, Alberto

370 ## - LUGAR ASOCIADO

  • Lugar de nacimiento: Mexico
  • Lugar de residencia/sede: Panama
  • Fuente del término: naf

375 ## - GÉNERO/SEXO

  • Género: male

377 ## - IDIOMA ASOCIADO

  • Código del idioma: spa

400 1# - TRAZADO DE VÉASE--NOMBRE DE PERSONA

  • Nombre de persona: Moreno Restrepo, Alberto

400 1# - TRAZADO DE VÉASE--NOMBRE DE PERSONA

  • Nombre de persona: Restrepo, Alberto Moreno

670 ## - FUENTE DE DATOS ENCONTRADOS

  • Cita de la fuente: nuc88-76955: His Democracia directa ... 1984
  • Información encontrada: (hdg. on TxU rept.: Moreno, Alberto; usage: Alberto Moreno)

670 ## - FUENTE DE DATOS ENCONTRADOS

  • Cita de la fuente: LC data base, 7/22/88
  • Información encontrada: (hdg.: Alberto Moreno)

670 ## - FUENTE DE DATOS ENCONTRADOS

  • Cita de la fuente: El hombre olvidado, 2009:
  • Información encontrada: t.p. (Alberto Moreno) front flap (b. Nov. 28, 1946 in Mexico; Panamanian citizen; surgeon and novelist)

670 ## - FUENTE DE DATOS ENCONTRADOS

  • Cita de la fuente: Desde la arena al sol, 2011:
  • Información encontrada: t.p. (Aberto Moreno Restrepo; b. in Mexico; )

670 ## - FUENTE DE DATOS ENCONTRADOS

  • Cita de la fuente: Billiken Home Page, via WWW, May 12, 2002:
  • Información encontrada: Mi primera biblia (textos Alberto Moreno)